00215nam a2200073Ia 4500008004100000100001800041245007400059260000800133120527s9999 xx 000 0 und d aMAO-HUN, Wang aPotentialities for Agriculture engineering in rural development vol.I bI.A